| 000 | 00736cab a2200265 4500 | ||
|---|---|---|---|
| 001 | ABS60046 | ||
| 008 | 090401t1999 xxu||||| |||| 00| 0 eng d | ||
| 035 | _a(Sirsi) u90611 | ||
| 041 | _aeng | ||
| 100 | _aButler, D. | ||
| 245 | _aFallow times | ||
| 260 | _c1999 | ||
| 350 | _a0 | ||
| 490 |
_aAccountancy _v123(1265) January 1999, 34-36(3) |
||
| 520 | _aDiscussion highlighting the reasons for the lukewarm response of both the UK consumer and government to the problems facing farmers. | ||
| 650 | _aARABLE AREA PAYMENTS | ||
| 650 | _aCAP | ||
| 650 | _aCOMMON AGRICULTURAL POLICY | ||
| 650 | _aFARM INCOME | ||
| 650 | _aNFU | ||
| 650 | _aSUBSIDIES | ||
| 690 | _aRURAL PRACTICE | ||
| 942 | _n0 | ||
| 948 | _c08/01/1999 | ||
| 999 |
_c57462 _d57462 |
||